000 00911nam a22002057a 4500
999 _c5038
_d5038
003 AR-CdUCM
008 190311b ||||| |||| 00| 0 spa d
040 _aMUNICIPALIDAD PROVINCIAL DEL CUSCO
_cBIBLIOTECA MUNICIPAL DEL CUSCO
082 _a320.947 /
_bD63
100 _aDobrotin, E.
_915390
245 _aLa unidad hace la fuerza :
_bEl internacionalismo proletario hoy /
260 _aMoscu :
_bAgencia de prensa Nóvosti,
_c1977
300 _a99 paginas ;
_c16 cm.
505 _aEl internacionalismo proletario constituye uno de los principios rectores de la ideología y de la política del partido marxista-leninista -- El internacionalismo socialista: fase superior del internacionalismo proletario -- Los comunistas luchan por robustecer su unidad.
650 _aInternacionalismo
_915391
650 _aSocialismo
_9640
650 _aMovimiento comunista
_99096
942 _2ddc
_cLIBROS
945 _awnts